Chrono-Logique : Progrès Techniques et Grandes Inventions - Statistiques

Statistiques générales
  • Ce quiz a été pris 314 fois
  • Le résultat moyen est 6 sur 15
Réponses sur la Carte
Les réponses sont colorées sur une échelle allant du rouge au vert en fonction du pourcentage des utilisateurs qui les ont devinées à leur premier essai. Vous pouvez retrouver ces pourcentages ci-dessous.
 
Statistiques - réponses
Réponse % Correct
Maîtrise du feu
82%
Naissance de l'écriture
73%
Invention de Google
68%
Invention de l'imprimerie
60%
Invention du papier
50%
Invention du premier micro-ordinateur
47%
Invention de la télévision
44%
Apparition de la boussole en Europe
41%
Invention de la roue
41%
Invention du téléphone
32%
Invention de la photographie
31%
Invention du premier vaccin
27%
Invention de la première automobile
17%
Perfectionnement de l'ampoule électrique
15%
Invention de l'horloge mécanique
14%
Aucun quiz correspondant
Distribution des résultats
% des personnes avec chaque résultat
Percentile par nombre de réponses
Votre historique - résultats
Vous n’avez pas pris ce quiz